Το ταξίδι ενός Έλληνα διπλωμάτη : Υπουργείο Εξωτερικών 1974-2009

Αποθηκεύτηκε σε:
Λεπτομέρειες βιβλιογραφικής εγγραφής
Κύριος συγγραφέας: Αγαθοκλής, Αριστείδης, 1944-
Μορφή: Βιβλίο
Γλώσσα:Greek
Δημοσίευση: Αθήνα : Παπαζήσης, 2020.
Σειρά:Διεθνής και ευρωπαϊκή πολιτική (Παπαζήσης)
Θέματα:
Ετικέτες: Προσθήκη ετικέτας
Δεν υπάρχουν, Καταχωρήστε ετικέτα πρώτοι!

MARC

LEADER 00000cam a2200000 a 4500
001 1/123732
008 211015s2020####gr | ||| |||| ||gre||
020 |a 9789600235906 
040 |a GR-MyUa  |b gre  |c GR-MyUa  |e AACR2 
041 0 |a gre 
082 7 |a 327.2092   |2 (23) 
100 1 |a Αγαθοκλής, Αριστείδης,   |d 1944- 
245 1 3 |a Το ταξίδι ενός Έλληνα διπλωμάτη :   |b Υπουργείο Εξωτερικών 1974-2009 /   |c Αριστείδης Αγαθοκλής.  
260 |a Αθήνα :   |b Παπαζήσης,   |c 2020.  
300 |a 308 σ. ;   |c 21 εκ.  
490 1 |a (Διεθνής και ευρωπαϊκή πολιτική / Παπαζήσης) 
650 0 |a Autobiography 
650 0 |a Diplomacy-Politics and culture  |z Greece. 
650 0 |a Diplomats  |z Greece  |x Personal narratives. 
650 0 |a Diplomats  |z Greece  |x Biography. 
830 0 |a Διεθνής και ευρωπαϊκή πολιτική (Παπαζήσης) 
852 |a INST  |b RHODES  |e 20211015  |h 327.2092 ΑΓΑ  |p 005400042327  |q 005400042327  |t BK  |y 0 
970 |z 15-10-2021